000 00308nam a22001337a 4500
008 181009b xxu||||| |||| 00| 0 eng d
020 _a9780803614512
041 _aeng
080 _a610.73
100 _a2
101 _aINF
245 _aPsychiatric Mental Health Nursing
_cTownsend, M.C
942 _2udc
_cBK
999 _c49125
_d49125